000 00672nam a2200253Ia 4500
003 OSt
005 20221005031957.0
006 a|||||r|||| 00| 0
007 ta
008 221004b |||||||| |||| 00| 0 tam d
020 _c06
024 _a64160
037 _cTextual
040 _aCRL
_cCRL
_btam
041 _2tam
_atam
082 _aO31,3N32x, L8
100 _aParthasarathy Na. Au.
_9584589
245 0 _aIdhu Pothu Vazhi Alla
260 _aChennai
_bTamil Puthakalayam India
_c1968
300 _a191p.
_ccm.
650 _aTAMIL LITERATURE
942 _hO31,3N32x, L8
_cTEXL
_2cc
999 _c938817
_d938817